书目信息 |
| 题名: |
我国经济体制改革的历史经验
|
|
| 作者: | 周太和 主编 | |
| 分册: | ||
| 出版信息: | 北京 人民出版社 1983 |
|
| 页数: | 455页 | |
| 开本: | 19cm | |
| 丛书名: | ||
| 单 册: | ||
| 中图分类: | F121 , F12 | |
| 科图分类: | ||
| 主题词: | 经济体制改革--经验--中国 , 经济--中国 | |
| 电子资源: | ||
| ISBN: | ||
| 000 | 00743nam0 2200277 45 | |
| 001 | 0183002594 | |
| 005 | 20040427095158.6 | |
| 010 | @dCNY1.25 | |
| 091 | @a4601.479 | |
| 100 | @a19950413d1983 emky0chiy0121 ea | |
| 101 | 0 | @achi |
| 102 | @aCN@b110000 | |
| 105 | @ay z 000yy | |
| 106 | @ar | |
| 200 | 10 | @a我国经济体制改革的历史经验@Awo guo jing ji ti zhi gai ge de li shi jing yan@f周太和主编 |
| 210 | @a北京@c人民出版社@d1983 | |
| 215 | @a455页@d19cm | |
| 300 | @a只限国内发行 | |
| 606 | @a经济体制改革@x经验@y中国 | |
| 606 | 0 | @a经济@x中国 |
| 690 | @aF121@v3 | |
| 690 | @aF12 | |
| 701 | 0 | @a周太和@Azhou tai he@4主编 |
| 801 | 0 | @aCN@b上海图书馆@c20040427 |
| 801 | 2 | @aCN@bNLC@c20040427 |
| 905 | @f2@b172872-873@dF12@e56 | |
| 我国经济体制改革的历史经验/周太和主编.-北京:人民出版社,1983 |
| 455页;19cm |
| 只限国内发行 |
| ISBN :CNY1.25 |
| ● |
| 相关链接 |
|
|
|
|
正题名:我国经济体制改革的历史经验
索取号:F12/56
 
预约/预借
| 序号 | 登录号 | 条形码 | 馆藏地/架位号 | 状态 | 备注 |
| 1 | 0172872 | 000198798 | 密集书库/ [索取号:F12/56] | 在馆 | |
| 2 | 0172873 | 000198770 | 密集书库/ [索取号:F12/56] | 在馆 | |
| 3 | 0172874 | 000198789 | 第一样本阅览室/ [索取号:F12/56] | 在馆 |